000 00445cam a22001457a 4500
008 180718b1992 xxu||||| |||| 00| 0 eng d
082 _aA6x5431 W139
100 _aWakhlu, Khem Lata
245 _aKashmir behind the white curtain 1972-1991
_cby Kham Lata Wakhlu and O.N. Wakhlu
260 _aDelhi
_bKonark
_c1992
300 _a402p.
650 _aPolitical science - History
650 _aKashmir - History - 1972-1991
700 _aWakhlu, O.N.
999 _c380508
_d380508